Villes d'Europe sur une carte par lettre - W - Z - Statistiques

Statistiques générales
  • Ce quiz a été pris 81 fois
  • Le résultat moyen est 3 sur 8
Réponses sur la Carte
Les réponses sont colorées sur une échelle allant du rouge au vert en fonction du pourcentage des utilisateurs qui les ont devinées à leur premier essai. Vous pouvez retrouver ces pourcentages ci-dessous.
 
Statistiques - réponses
Ville en W ou Z % Correct
Zurich
91%
Zagreb
86%
Wroclaw
42%
Wuppertal
34%
Wolfsburg
25%
Winchester
22%
Woippy
14%
Zwolle
14%
Aucun quiz correspondant
Distribution des résultats
% des personnes avec chaque résultat
Percentile par nombre de réponses
Votre historique - résultats
Vous n’avez pas pris ce quiz